00680nam a2200205 k 4500001001300000005001500013008004100028020003500069040001900104049001700123056001600140090002300156100001400179245008800193260003400281300002000315653008100335740004700416950001100463KMO20260228420260519105304260514s2025 ulk 000a kor a9788962626605g03300 :c\20000 a146043c1460430 lEM0000048739 a331.541226 a331.5412b장11먼1 a장강명10a먼저 온 미래 :bAI 이후의 세계를 경험한 사람들 /d장강명 지음 a서울 :b동아시아,c2025 a367 p. ;c22 cm a사회과학a사회변화a인공지능a미래학a미래사회a인문학02aAI 이후의 세계를 경험한 사람들0 b\20000 |
|---|